| 000 | 00458nam a2200169Ia 4500 | ||
|---|---|---|---|
| 008 | 130318s9999 xx 000 0 und d | ||
| 020 | _a9788120329683 | ||
| 082 | _a004 MIS/T | ||
| 100 | _aMishra, K.L.P | ||
| 245 | _aTheory of Computer Science:Automata, Languages and Computation | ||
| 250 | _a3 | ||
| 260 |
_bPHI Learning _aNew Delhi _c2007 |
||
| 300 | _a422 | ||
| 650 | _aFORMAL LANGUAGES | ||
| 650 | _aQUANTUM COMPUTATION | ||
| 700 | _aChandrasekaran, N | ||
| 999 |
_c2331 _d2331 |
||